| 000 | 01014nam a2200289 i 4500 | ||
|---|---|---|---|
| 001 | 000025587 | ||
| 003 | DO-SdBNP | ||
| 005 | 20250924073802.0 | ||
| 007 | ta | ||
| 008 | 110218s1998 dr 000 0 spa d | ||
| 040 |
_aDO-SdBNP _bspa _cBNPHU _erda |
||
| 049 | _aBNPD | ||
| 082 | 4 | _222 | |
| 111 | 2 |
_aConferencia mundial sobre la educación superior _d(1998: 5-9, octubre _cParís) _952266 |
|
| 245 | 1 | 3 |
_aLa educación en el siglo XXI : _bvisión y acción. |
| 264 |
_aSanto Domingo : _bUniversidad Autónoma de Santo Domingo, _c1998. |
||
| 300 |
_a24 páginas ; _c28 cm. |
||
| 336 |
_atexto _btxt _2rdacontent |
||
| 337 |
_asin mediación _bn _2rdamedia |
||
| 338 |
_avolumen _bnc _2rdacarrier |
||
| 490 | 1 |
_aPublicaciones de la Universidad Autónoma de Santo Domingo _v802 |
|
| 490 | 1 |
_aConferencia Magiitral _v3 |
|
| 500 | _aReproducción de la Rectoría de la UASD | ||
| 590 | _aInventariado, 2024/BT | ||
| 830 |
_aPublicaciones de la Universidad Autónoma de Santo Domingo _v892 _952 |
||
| 942 |
_2ddc _cLF2 |
||
| 999 |
_c25079 _d25079 |
||